Los demonios de Loudun

Kaydedildi:
Detaylı Bibliyografya
Yazar: Huxley, Aldous Leonard (Yazar)
Materyal Türü: Kitap
Dil:İspanyolca
Baskı/Yayın Bilgisi: Barcelona Planeta 1972
Seri Bilgileri:Biblioteca Universal Planeta, panorama 1, 4
Konular:
Etiketler: Etiketle
Etiket eklenmemiş, İlk siz ekleyin!

MARC

LEADER 00000nam a2200000 a 4500
001 UCW4654
003 CL-VaPUC
008 900612e19720000SP |||||||||||||||||spa|d
082 0 4 |a 133.426  |b HUX  |2 21 
100 |a Huxley, Aldous Leonard  |e author  |9 553641 
245 1 4 |a Los demonios de Loudun 
300 |a 325 p 
942 |c BK 
945 |d 19900612 00:00:00 
260 |a Barcelona  |b Planeta  |c 1972 
600 0 7 |a GRANDIER, URBAIN  |2 CL-VaPUC  |9 309445 
600 0 7 |a CONVENTO DE LAS URSULINAS, LOUDUN FRANCIA  |2 CL-VaPUC  |9 309446 
650 7 |a POSESION DEMONIACA  |2 CL-VaPUC  |9 309447 
651 7 |a LOUDUN, FRANCIA  |2 CL-VaPUC  |9 309448 
583 |a last modification  |c 19900612 00:00:00  |k Rodrigo Vera 
490 0 |a Biblioteca Universal Planeta, panorama 1, 4 
999 |c 218323  |d 218321 
952 |0 0  |1 0  |4 0  |6 133_426000000000000_HUX_1972  |7 0  |8 P  |9 207690  |a BIBEDU  |b BIBEDU  |c BIBEDU_PB  |d 2019-11-15  |i 2755130  |o 133.426 HUX 1972  |p 2755130  |r 2024-01-25  |w 2019-11-15  |y BK  |k EDU